000 00913cad a22002175a 4500
001 E155122
008 120305e20120229xxka f s000 0 eng d
035 _a(Sirsi) u155122
041 0 _aeng
100 1 _aNicol, Scherie
245 0 0 _aEnterprise areas
_h[electronic resource]
260 _aEdinburgh
_bScottish Parliament
_c2012
490 0 _aSPICe Briefing
_v(12/16) 29 February 2012
520 _aIn the light of the Scottish Government's intention to create four new Enterprise Areas, this briefing looks at the history of Enterprise Zones in the UK and discusses the proposals for the four new areas in Scotland.
521 _aAdvanced
590 _aKA
651 4 _aScotland
_y1999-
690 _aPlanning and development
_96259
856 4 0 _uhttps://www.scottish.parliament.uk/ResearchBriefingsAndFactsheets/SB_12-16.pdf
_zView the briefing free of charge at www.scottish.parliament.uk
942 _n0
999 _c113334
_d113334